|
|
|
|
| LEADER |
00000nam2a2200000 4500 |
| 001 |
90898 |
| 005 |
20231031103748.0 |
| 035 |
|
|
|a (RuTPU)RU\TPU\book\97467
|
| 090 |
|
|
|a 90898
|
| 100 |
|
|
|a 20060216d1985 m y0rusy50 ca
|
| 101 |
0 |
|
|a rus
|
| 102 |
|
|
|a RU
|
| 105 |
|
|
|a y z 000ay
|
| 200 |
0 |
|
|a Т. 1: Хмель: Сказания о людях тайги
|
| 210 |
|
|
|d 1985
|
| 215 |
|
|
|a 814 с.
|
| 461 |
|
1 |
|0 (RuTPU)RU\TPU\book\97466
|t Избранные произведения
|o в 3 т.
|f А. Т. Черкасов, П. Д. Москвитина
|v Т. 1: Хмель: Сказания о людях тайги
|d 1985-
|
| 610 |
1 |
|
|a советская литература
|
| 610 |
1 |
|
|a история
|
| 610 |
1 |
|
|a Сибирь
|
| 610 |
1 |
|
|a романы
|
| 675 |
|
|
|a Р2
|v 3
|
| 801 |
|
1 |
|a RU
|b 63413507
|c 20060216
|g PSBO
|
| 801 |
|
2 |
|a RU
|b 63413507
|c 20141008
|g PSBO
|
| 942 |
|
|
|c BK
|